365 vegetarian soups (Record no. 88835)

MARC details
000 -LEADER
fixed length control field 00636nam a2200241 i 4500
001 - CONTROL NUMBER
control field C2-0282606
003 - CONTROL NUMBER IDENTIFIER
control field PPAK
005 - DATE AND TIME OF LATEST TRANSACTION
control field 20180728012923.0
008 - FIXED-LENGTH DATA ELEMENTS--GENERAL INFORMATION
fixed length control field 071016s2002 nyu |||| ||||| | eng d
020 ## - INTERNATIONAL STANDARD BOOK NUMBER
International Standard Book Number 0806993987
040 ## - CATALOGING SOURCE
Original cataloging agency PPAK
Language of cataloging eng
Transcribing agency PPAK
Description conventions rda
082 04 - DEWEY DECIMAL CLASSIFICATION NUMBER
Classification number 641.813
Edition number 23
090 00 - LOCALLY ASSIGNED LC-TYPE CALL NUMBER (OCLC); LOCAL CALL NUMBER (RLIN)
Classification number (OCLC) (R) ; Classification number, CALL (RLIN) (NR) 641.813
Feature heading GIL
Feature heading R
100 1# - MAIN ENTRY--PERSONAL NAME
Personal name Gillespie, Gregg R.,
Relator term author
245 10 - TITLE STATEMENT
Title 365 vegetarian soups
264 #1 - PRODUCTION, PUBLICATION, DISTRIBUTION, MANUFACTURE, AND COPYRIGHT NOTICE
Place of production, publication, distribution, manufacture New York :
Name of producer, publisher, distributor, manufacturer Sterling Publishing ,
Date of production, publication, distribution, manufacture, or copyright notice 2002
300 ## - PHYSICAL DESCRIPTION
Extent 272 pages ;
Dimensions 24 cm
336 ## - CONTENT TYPE
Source rdacontent
Content type term text
337 ## - MEDIA TYPE
Source rdamedia
Media type term unmediated
338 ## - CARRIER TYPE
Source rdacarrier
Carrier type term volume
650 10 - SUBJECT ADDED ENTRY--TOPICAL TERM
Topical term or geographic name entry element Vegetable soup
942 ## - ADDED ENTRY ELEMENTS (KOHA)
-- dc
Koha item type Book
Holdings
Withdrawn Not for loan Current library Shelving location Date acquired Full call number Barcode Date last seen Koha item type
  Not For Loan Perpustakaan Alor Setar Rujukan Dewasa 03/03/2008 R 641.813 GIL A01229197 09/05/2018 Book
  Not For Loan Perpustakaan Awam Sungai Petani Rujukan Dewasa 03/03/2008 R 641.813 GIL A01229198 09/05/2018 Book
  Not For Loan Perpustakaan Jitra Rujukan Dewasa 03/03/2008 R 641.813 GIL A01229199 09/05/2018 Book
  Not For Loan Perpustakaan Kulim Rujukan Dewasa 03/03/2008 R 641.813 GIL A01229200 09/05/2018 Book
  Not For Loan Perpustakaan Langkawi Rujukan Dewasa 03/03/2008 R 641.813 GIL A01229201 09/05/2018 Book